| 000 | 00790cab a2200253 4500 | ||
|---|---|---|---|
| 001 | ABS55122 | ||
| 008 | 090401t1996 xxu||||| |||| 00| 0 eng d | ||
| 035 | _a(Sirsi) u14363 | ||
| 041 | _aeng | ||
| 100 | _aWhitehead, T. | ||
| 245 | 4 | _aThe bank job | |
| 260 | _c1996 | ||
| 350 | _a0 | ||
| 490 |
_aContract Journal _v383(6074) 9 May 1996, 41-43(3) |
||
| 520 | _aReports on refurbishment of the NatWest tower by contractor John Laing Construction following the IRA bomb attack in 1993. | ||
| 650 | _aBOMB DAMAGE | ||
| 650 | _aBUILT ENVIRONMENT-BUILDING MAINTENANCE AND REFURBISHMENT | ||
| 650 | _aHIGH RISE BUILDINGS | ||
| 650 | _aIRA BOMB ATTACK | ||
| 650 | _aNATWEST TOWER | ||
| 690 | _aBUILDING AND CONSTRUCTION-REPAIRS AND MAINTENANCE | ||
| 942 | _n0 | ||
| 948 | _c04/03/1997 | ||
| 999 |
_c9346 _d9346 |
||